| 000 | 00639nam a2200241Ia 4500 | ||
|---|---|---|---|
| 003 | OSt | ||
| 005 | 20220926033928.0 | ||
| 006 | a|||||r|||| 00| 0 | ||
| 007 | ta | ||
| 008 | 220923b |||||||| |||| 00| 0 eng d | ||
| 037 | _cGeneral Book | ||
| 040 |
_aRTL _cRTL _beng |
||
| 041 |
_2eng _aeng |
||
| 082 | _aB:(D6,9(B), M3 | ||
| 100 |
_aClark Frank J _9247419 |
||
| 245 | 0 | _aMathematics for data processing. | |
| 250 | _aEd 2 | ||
| 260 |
_aVirginia _bReston _c1983 |
||
| 300 |
_ax, 326P _ccm. |
||
| 500 | _aAppendix P 308-22 | ||
| 942 |
_hB:(D6,9(B), M3 _cGB _2CC |
||
| 999 |
_c658332 _d658332 |
||